|
|
|
|
| LEADER |
00000naa2a2200000 4500 |
| 001 |
467259 |
| 005 |
20231101090732.0 |
| 035 |
|
|
|a (RuTPU)RU\TPU\prd\131905
|
| 035 |
|
|
|a RU\TPU\tpu\15257
|
| 090 |
|
|
|a 467259
|
| 100 |
|
|
|a 20120208a1972 k y0rusy50 ca
|
| 101 |
0 |
|
|a rus
|
| 102 |
|
|
|a RU
|
| 200 |
1 |
|
|a О химическом составе смол термической переработки торфа
|f Г. И. Кравцова, К. К. Страмковская, С. И. Смольянинов
|
| 320 |
|
|
|a Библиогр.: 14 назв.
|
| 461 |
|
0 |
|0 (RuTPU)RU\TPU\prd\427
|x 0023-1177
|t Химия твердого топлива
|o научно-технический журнал
|f Российская академия наук (РАН)
|d 1968-
|
| 463 |
|
0 |
|0 (RuTPU)RU\TPU\prd\131904
|t № 5
|v С. 62-69
|d 1972
|
| 610 |
1 |
|
|a труды учёных ТПУ
|
| 700 |
|
1 |
|a Кравцова
|b Г. И.
|
| 701 |
|
1 |
|a Страмковская
|b К. К.
|
| 701 |
|
1 |
|a Смольянинов
|b С. И.
|c российский химик-технолог
|c профессор Томского политехнического университета
|f 1925-1991
|g Станислав Иванович
|2 stltpush
|3 (RuTPU)RU\TPU\pers\15849
|
| 701 |
|
1 |
|a Смольянинов
|b С. И.
|c российский химик-технолог
|c профессор Томского политехнического университета
|f 1925-1991
|g Станислав Иванович
|2 stltpush
|3 (RuTPU)RU\TPU\pers\15849
|
| 801 |
|
1 |
|a RU
|b 63413507
|c 20081114
|g PSBO
|
| 801 |
|
2 |
|a RU
|b 63413507
|c 20120208
|g PSBO
|
| 942 |
|
|
|c BK
|